Breviario de la voluntad

Saved in:
Bibliographic Details
Main Author: Courberive, Jean de (Author)
Format: Book
Language:Spanish
Published: Bogotá Ediciones Paulinas 1961
Series:Biblioteca de Familia, 8
Subjects:
Tags: Add Tag
No Tags, Be the first to tag this record!

MARC

LEADER 00000cam a2200000 a 4500
001 UCF9375
003 CL-VaPUC
008 131111e19610000ck |||||||||||||||||spa|d
082 0 4 |a 153.8  |b COU  |2 21 
100 0 |a Courberive, Jean de  |e author  |9 571645 
245 1 0 |a Breviario de la voluntad 
300 |a 203 p 
942 |c BK 
945 |d 20131111 15:03:00  |a dcastane 
260 |a Bogotá  |b Ediciones Paulinas  |c 1961 
650 0 |a Voluntad  |9 307812 
583 |a last modification  |c 20131111 15:03:00  |k Rodrigo Vera 
490 0 |a Biblioteca de Familia, 8 
999 |c 353821  |d 353819 
952 |0 0  |1 0  |3 erb  |4 0  |6 153_800000000000000_COU_1961  |7 0  |8 P  |9 459228  |a BIBEDU  |b BIBEDU  |c BIBEDU_PB  |d 2019-11-23  |i 500800K  |o 153.8 COU 1961  |p 500800K  |r 2024-01-25  |w 2019-11-23  |y BK  |z Catalogado en:20131111  |k PSI